| 000 | 00626nam a22002417a 4500 | ||
|---|---|---|---|
| 001 | 91571 | ||
| 003 | UA-OsUOA | ||
| 005 | 20210120115011.0 | ||
| 007 | ta | ||
| 008 | 20121203b un ||||| |||| 00| 0 ukr d | ||
| 020 | _a5775700406 | ||
| 040 |
_aUA-OsUOA _bukr _cUA-OsUOA _dUA-OsUOA |
||
| 041 | _aukr | ||
| 080 | _a821.161.2 | ||
| 090 |
_a821.161.2 _bУ45 |
||
| 100 | _aУкраїнка Л. | ||
| 245 | _aВибрані твори | ||
| 260 |
_aУжгород _bКарпати _c1988 |
||
| 300 | _a246 с. | ||
| 650 | 7 |
_a82 Література. Літературознавство _2UDC |
|
| 942 |
_cBK _2udc |
||
| 955 | _a3 | ||
| 999 |
_c377829 _d377829 |
||